000 00681nam a2200253Ia 4500
005 20250425162650.0
008 250425s9999 xx 000 0 und d
020 _a9978411575
041 _aspa
043 _aec
082 _a634.956
100 _aKENNEY-JORDAN, CHARLES B.
245 0 _aCONSTRUYENDO CAMBIOS DESARROLLO FORESTAL COMUNITARIO EN LOS ANDES
250 _aS.E
260 _aEcuador
_bORGANIZACION DE LAS NACIONES UNIDAS PARA LA AGRICULTURA Y LA ALIMENTACION
_c1999
260 _aQUITO
300 _a446
650 _aFORESTACION
700 _aANDRADE, MIGUEL
700 _aAƑAZCO, MARIO
700 _aHERZ, CARLOS
942 _c01
010 _a95261
999 _c233941
_d233941